| 000 | 00503ntaaa2200193 4500 | ||
|---|---|---|---|
| 003 | 01 | ||
| 005 | 20251027202035.0 | ||
| 008 | 0714s1973 ag 01 | ||
| 040 |
_aAR-BaBN _bspa _cAR-BaBN _eaacr _dRIC |
||
| 082 | _a251.0000 D28 | ||
| 100 |
_aDavies, J. Newton _919024 |
||
| 245 | _aRightly dividing the world | ||
| 250 | _a1 ed. | ||
| 260 |
_aNew York : _bAbingdon Press, _cc1929 |
||
| 300 | _a259 p | ||
| 650 |
_asermón-preparación _919025 |
||
| 650 |
_ahomilética-predicación _919026 |
||
| 942 | _cBK | ||
| 999 |
_c15204 _d15204 |
||